[Event "GER-ch U16"]
[Site "Willingen"]
[Date "2023.06.02"]
[Round "8"]
[White "Prieb, Robert"]
[Black "Lebzak, Yaroslav"]
[Result "0-1"]
[WhiteElo "2113"]
[BlackElo "2138"]
[PlyCount "150"]
[EventDate "2023.05.27"]
[EventType "swiss"]
[EventRounds "9"]
[EventCountry "GER"]
[SourceTitle "CBM 214 Extra"]
[Source "ChessBase"]
[SourceDate "2023.07.31"]
[SourceVersion "1"]
[SourceVersionDate "2023.07.31"]
[SourceQuality "1"]

1. d4 d5 2. c4 c6 3. Nf3 e6 4. Qc2 Nf6 5. g3 dxc4 6. Qxc4 b5 7. Qc2 Bb7 8. Bg2 Nbd7 9. 0-0 c5 10. Bg5 Qb6 11. dxc5 Bxc5 12. Nbd2 Rc8 13. Qd1 0-0 14. Nb3 Rfd8 15. Nxc5 Nxc5 16. Qe1 b4 17. Rd1 Bd5 18. Ne5 Bxg2 19. Kxg2 Nce4 20. Bxf6 Nxf6 21. Nd3 Rd4 22. Rc1 Rcd8 23. Rc2 h5 24. h4 Ng4 25. Qc1 Qb7+ 26. Kg1 Qe4 27. f3 Qg6 28. Kg2 Nh6 29. Qg5 Qxg5 30. hxg5 Nf5 31. Kf2 h4 32. g4 Ng3 33. Rfc1 Nxe2 34. Kxe2 Rxd3 35. Rh1 R3d5 36. f4 Rd4 37. Ke3 Rd3+ 38. Ke2 Rg3 39. Kf2 Rxg4 40. Kf3 Rg3+ 41. Kf2 Rgd3 42. Ke2 h3 43. Rc8 Rxc8 44. Kxd3 Rd8+ 45. Ke3 Kh7 46. Rxh3+ Kg6 47. Rh2 Rc8 48. Rd2 Rc7 49. Ke4 a5 50. b3 Rc1 51. Re2 Rc3 52. Kd4 Kf5 53. Re5+ Kxf4 54. Rxa5 Rc7 55. Rb5 e5+ 56. Kd5 Rd7+ 57. Kc5 e4 58. Rxb4 Kf3 59. a4 e3 60. Kc6 e2 61. Kxd7 e1Q 62. Rb5 Qe6+ 63. Kc7 Qa6 64. Rc5 Ke4 65. a5 f5 66. gxf6 gxf6 67. b4 f5 68. Rc6 Qa7+ 69. Kc8 f4 70. a6 f3 71. b5 f2 72. Rc1 Kf3 73. Rc3+ Kg2 74. Rc2 Kg1 75. Rxf2 Kxf2 0-1

[Event "GER-ch U16"]
[Site "Willingen"]
[Date "2023.05.28"]
[Round "1"]
[White "Lebzak, Yaroslav"]
[Black "Oldenburg, Max Leonard"]
[Result "1-0"]
[WhiteElo "2138"]
[BlackElo "1825"]
[PlyCount "45"]
[EventDate "2023.05.27"]
[EventType "swiss"]
[EventRounds "9"]
[EventCountry "GER"]
[SourceTitle "CBM 214 Extra"]
[Source "ChessBase"]
[SourceDate "2023.07.31"]
[SourceVersion "1"]
[SourceVersionDate "2023.07.31"]
[SourceQuality "1"]

1. e4 c6 2. d4 d5 3. f3 dxe4 4. fxe4 e5 5. Nf3 Bg4 6. c3 Nd7 7. Bd3 Ngf6 8. 0-0 Qb6 9. Nbd2 exd4 10. Nc4 Qc5 11. cxd4 Bxf3 12. Rxf3 Qh5 13. Bf4 g5 14. Bg3 g4 15. Rf5 Qg6 16. Qb3 b5 17. Ne5 Nxe5 18. Rxe5+ Be7 19. Rxe7+ Kxe7 20. e5 Ne4 21. Qc2 Rac8 22. Bxe4 Qg5 23. Qf2 1-0

[Event "GER-ch U16"]
[Site "Willingen"]
[Date "2023.05.28"]
[Round "2"]
[White "Luebke, Florentin"]
[Black "Lebzak, Yaroslav"]
[Result "0-1"]
[WhiteElo "1988"]
[BlackElo "2138"]
[PlyCount "66"]
[EventDate "2023.05.27"]
[EventType "swiss"]
[EventRounds "9"]
[EventCountry "GER"]
[SourceTitle "CBM 214 Extra"]
[Source "ChessBase"]
[SourceDate "2023.07.31"]
[SourceVersion "1"]
[SourceVersionDate "2023.07.31"]
[SourceQuality "1"]

1. e4 c5 2. Nf3 Nc6 3. d4 cxd4 4. Nxd4 Nf6 5. Nc3 e5 6. Ndb5 d6 7. Bg5 a6 8. Na3 b5 9. Nd5 Be7 10. Bxf6 Bxf6 11. c3 Bg5 12. Nc2 Rb8 13. a4 bxa4 14. Ncb4 Nxb4 15. cxb4 0-0 16. Rxa4 a5 17. b5 Bd7 18. Nc3 d5 19. exd5 e4 20. Bc4 e3 21. 0-0 exf2+ 22. Kh1 Be3 23. Qf3 Bb6 24. Ne4 f5 25. Nc3 Kh8 26. Raa1 Re8 27. Na4 Bd4 28. Rad1 Qf6 29. Qd3 Be3 30. Nc3 f4 31. d6 Re5 32. Rd2 Qh4 33. Rdxf2 Bxf2 0-1

[Event "Cheliabinsk Panchenko Memorial op-A"]
[Site "Cheliabinsk"]
[Date "2022.09.17"]
[Round "6"]
[White "Lipovoy, Danila"]
[Black "Lebzak, Yaroslav"]
[Result "1/2-1/2"]
[WhiteElo "2024"]
[BlackElo "2191"]
[PlyCount "106"]
[EventDate "2022.09.12"]
[EventType "swiss"]
[EventRounds "10"]
[EventCountry "RUS"]
[SourceTitle "CBM 210 Extra"]
[Source "ChessBase"]
[SourceDate "2022.11.30"]
[SourceVersion "1"]
[SourceVersionDate "2022.11.30"]
[SourceQuality "1"]

1. e4 c5 2. Nf3 Nc6 3. d4 cxd4 4. Nxd4 Nf6 5. Nc3 e5 6. Ndb5 d6 7. Nd5 Nxd5 8. exd5 Nb8 9. a4 Be7 10. Be2 0-0 11. 0-0 f5 12. f4 a6 13. Na3 Nd7 14. Nc4 e4 15. Be3 b6 16. a5 b5 17. Nb6 Nxb6 18. Bxb6 Qe8 19. c4 bxc4 20. Bxc4 Bb7 21. Qe2 Qf7 22. Rfd1 g5 23. fxg5 Bxg5 24. g4 e3 25. gxf5 Qxf5 26. Qg2 Qg6 27. Rd4 Bc8 28. Bd3 Qg7 29. Rc4 Bd7 30. Re1 Rae8 31. h4 Bh6 32. Qxg7+ Bxg7 33. Rc7 Bg4 34. Rxe3 Rxe3 35. Bxe3 Rf3 36. Rxg7+ Kxg7 37. Bd4+ Kf7 38. Bxa6 Rb3 39. Bc3 Ke7 40. Kf2 Kd7 41. Bd3 h5 42. Ke3 Kc7 43. Bc4 Rb8 44. b4 Re8+ 45. Kf4 Rf8+ 46. Kg5 Rf3 47. Bd2 Rf2 48. Be3 Rf3 49. Bb6+ Kb7 50. Bb5 Rc3 51. Bd4 Ra3 52. a6+ Rxa6 53. Bxa6+ Kxa6 1/2-1/2

[Event "Nezhmetdinov Memorial 44th"]
[Site "Kazan"]
[Date "2022.06.01"]
[Round "7"]
[White "Iljiushenok, Ilia"]
[Black "Lebzak, Yaroslav"]
[Result "1-0"]
[WhiteElo "2540"]
[BlackElo "2037"]
[PlyCount "45"]
[EventDate "2022.05.27"]
[EventType "swiss"]
[EventRounds "9"]
[EventCountry "RUS"]
[SourceTitle "CBM 208 Extra"]
[Source "ChessBase"]
[SourceDate "2022.07.31"]
[SourceVersion "1"]
[SourceVersionDate "2022.07.31"]
[SourceQuality "1"]

1. e4 c5 2. Nc3 Nc6 3. Nge2 Nf6 4. g3 e5 5. Bg2 d6 6. d3 Be7 7. h3 0-0 8. 0-0 Rb8 9. g4 Be6 10. Nd5 Bxd5 11. exd5 Nb4 12. Ng3 Ne8 13. c3 Na6 14. f4 exf4 15. Bxf4 Bg5 16. Qd2 Bxf4 17. Qxf4 Nac7 18. Nf5 b5 19. Rae1 g6 20. Ne7+ Kg7 21. Nc6 Qc8 22. Nxb8 Qxb8 23. Re7 1-0

[Event "Cheliabinsk Lozovatsky Memorial-A"]
[Site "Cheliabinsk"]
[Date "2022.01.29"]
[Round "8"]
[White "Lebzak, Yaroslav"]
[Black "Kleymenova, Valeria"]
[Result "0-1"]
[WhiteElo "2043"]
[BlackElo "2024"]
[PlyCount "82"]
[EventDate "2022.01.22"]
[EventType "swiss"]
[EventRounds "10"]
[EventCountry "RUS"]
[SourceTitle "CBM 206 Extra"]
[Source "ChessBase"]
[SourceDate "2022.03.31"]
[SourceVersion "1"]
[SourceVersionDate "2022.03.31"]
[SourceQuality "1"]

1. e4 c5 2. Nf3 d6 3. d4 cxd4 4. Nxd4 Nf6 5. Nc3 a6 6. a3 Nc6 7. Nxc6 bxc6 8. e5 dxe5 9. Qxd8+ Kxd8 10. Na4 Kc7 11. Bd2 a5 12. f4 e4 13. 0-0-0 Nd5 14. Re1 f5 15. Bc4 e6 16. Bb3 c5 17. Nc3 Bb7 18. Nb5+ Kb6 19. c4 Nf6 20. Bc3 Bc6 21. Rd1 Be7 22. h3 Rhd8 23. Be5 Bxb5 24. cxb5 Nd5 25. Bc4 Bf6 26. Rhe1 Bxe5 27. fxe5 Nc7 28. a4 Rd4 29. Rxd4 cxd4 30. Kd2 Rd8 31. Rc1 Kb7 32. b4 axb4 33. a5 Nd5 34. Rb1 e3+ 35. Ke1 Nc3 36. Ra1 d3 37. a6+ Ka7 38. Bxd3 Rxd3 39. b6+ Ka8 40. a7 Rd1+ 41. Rxd1 Nxd1 0-1

[Event "Cheliabinsk Lozovatsky Memorial-A"]
[Site "Cheliabinsk"]
[Date "2022.01.26"]
[Round "5"]
[White "Vanishvili, Mari"]
[Black "Lebzak, Yaroslav"]
[Result "1-0"]
[WhiteElo "1952"]
[BlackElo "2043"]
[PlyCount "79"]
[EventDate "2022.01.22"]
[EventType "swiss"]
[EventRounds "10"]
[EventCountry "RUS"]
[SourceTitle "CBM 206 Extra"]
[Source "ChessBase"]
[SourceDate "2022.03.31"]
[SourceVersion "1"]
[SourceVersionDate "2022.03.31"]
[SourceQuality "1"]

1. e4 e6 2. d4 d5 3. e5 c5 4. c3 Qb6 5. Nf3 Nc6 6. a3 Nh6 7. b4 cxd4 8. cxd4 Nf5 9. Bb2 Be7 10. Nc3 a5 11. Na4 Qd8 12. b5 Nb8 13. Bd3 Nd7 14. 0-0 0-0 15. Qc2 g6 16. Rac1 h5 17. Nc5 Nb6 18. a4 Nc4 19. Bxc4 dxc4 20. Qxc4 b6 21. Ne4 Bb7 22. Qd3 Qd5 23. Nfd2 g5 24. Nc4 Qd8 25. Ne3 Ng7 26. Rfd1 h4 27. Nd2 Nh5 28. g3 hxg3 29. fxg3 g4 30. Qe2 f5 31. exf6 Nxf6 32. d5 Qe8 33. Nb3 exd5 34. Bd4 Bd6 35. Rf1 Be5 36. Rc7 Bxd4 37. Nxd4 Qe4 38. Rf4 Qg6 39. Nxg4 Ne4 40. Ne5 1-0

[Event "RUS-chT Blitz"]
[Site "Sochi"]
[Date "2021.10.14"]
[Round "1.3"]
[White "Murzin, Volodar"]
[Black "Lebzak, Yaroslav"]
[Result "1/2-1/2"]
[WhiteElo "2513"]
[BlackElo "2050"]
[PlyCount "113"]
[EventDate "2021.10.14"]
[EventType "team-swiss (blitz)"]
[EventRounds "13"]
[EventCountry "RUS"]
[SourceTitle "CBM 204 Extra"]
[Source "ChessBase"]
[SourceDate "2021.11.30"]
[SourceVersion "1"]
[SourceVersionDate "2021.11.30"]
[SourceQuality "1"]
[WhiteTeam "Moscow Gogolevsiy 14"]
[BlackTeam "Cheliabinsk Yuzhnyy Ural II"]
[WhiteTeamCountry "RUS"]
[BlackTeamCountry "RUS"]

1. e4 c5 2. Nf3 e6 3. g3 d5 4. exd5 exd5 5. d4 Nf6 6. Bg2 Be7 7. 0-0 0-0 8. dxc5 Bxc5 9. Nbd2 Bg4 10. Nb3 Bb6 11. Re1 Nc6 12. Be3 h6 13. Bxb6 Qxb6 14. c3 Rad8 15. Qd2 Bxf3 16. Bxf3 d4 17. Rad1 dxc3 18. Qxc3 Rc8 19. Qc5 Qa6 20. a3 Qa4 21. Nd4 Nxd4 22. Qxd4 Qxd4 23. Rxd4 Rc2 24. Rb4 b6 25. Re7 Rd8 26. Rxa7 Rdd2 27. Rf4 Rxb2 28. Ra8+ Kh7 29. Bc6 h5 30. h3 Rb1+ 31. Kg2 Rbb2 32. a4 Ra2 33. Bb5 Rab2 34. Rc8 Kg6 35. Rc6 Kh7 36. Rc7 Kg6 37. Rb7 Nd5 38. Rf3 f6 39. Be8+ Kh6 40. Rb8 Rbc2 41. Bf7 g5 42. Bxd5 Rxd5 43. Rxf6+ Kg7 44. Rbxb6 Rdd2 45. a5 Ra2 46. a6 g4 47. h4 Ra1 48. Rg6+ Kf7 49. Rbf6+ Ke7 50. a7 Rdd1 51. Re6+ Kf7 52. Rgf6+ Kg7 53. a8Q Rxa8 54. Rg6+ Kf7 55. Rgf6+ Kg7 56. Rg6+ Kf7 57. Rgf6+ 1/2-1/2

[Event "Cheliabinsk Panchenko Memorial op-A"]
[Site "Cheliabinsk"]
[Date "2021.09.13"]
[Round "1"]
[White "Lebzak, Yaroslav"]
[Black "Teterev, Vitaly"]
[Result "1/2-1/2"]
[WhiteElo "2025"]
[BlackElo "2444"]
[PlyCount "71"]
[EventDate "2021.09.13"]
[EventType "swiss"]
[EventRounds "10"]
[EventCountry "RUS"]
[SourceTitle "CBM 204 Extra"]
[Source "ChessBase"]
[SourceDate "2021.11.30"]
[SourceVersion "1"]
[SourceVersionDate "2021.11.30"]
[SourceQuality "1"]

1. e4 c5 2. Nf3 e6 3. d4 cxd4 4. Nxd4 a6 5. c4 Nf6 6. Nc3 Qc7 7. a3 b6 8. Be2 Bb7 9. f3 Be7 10. Be3 0-0 11. 0-0 d6 12. Qd2 Nbd7 13. Rac1 Rfc8 14. Rfd1 Rab8 15. b4 Qd8 16. Nb3 Qf8 17. Na4 Ba8 18. Qe1 Bc6 19. Nb2 a5 20. Qf2 axb4 21. axb4 Ba8 22. Nd3 Rc7 23. Nd4 Rbc8 24. Nb2 Ra7 25. Nb5 Ra2 26. Rb1 Bc6 27. Nd4 Bb7 28. Nb5 Bc6 29. Nd4 Ba8 30. Nb5 h6 31. Nc3 Ra3 32. Nb5 Rb3 33. Nd4 Ra3 34. Nb5 Rb3 35. Nd4 Ra3 36. Nb5 1/2-1/2

[Event "Cheliabinsk Variant Gp-A"]
[Site "Cheliabinsk"]
[Date "2021.03.29"]
[Round "8"]
[White "Lebzak, Yaroslav"]
[Black "Shnayder, Violetta"]
[Result "1-0"]
[WhiteElo "2096"]
[BlackElo "1910"]
[PlyCount "79"]
[EventDate "2021.03.23"]
[EventType "swiss"]
[EventRounds "10"]
[EventCountry "RUS"]
[SourceTitle "CBM 202 Extra"]
[Source "ChessBase"]
[SourceDate "2021.07.31"]
[SourceVersion "1"]
[SourceVersionDate "2021.07.31"]
[SourceQuality "1"]

1. e4 b6 2. d4 e6 3. Nf3 Bb7 4. Bd3 Nf6 5. Qe2 d5 6. e5 Ne4 7. Nbd2 Nxd2 8. Bxd2 c5 9. c3 Be7 10. 0-0 Nc6 11. a3 a5 12. Be3 a4 13. Nd2 g6 14. f4 h5 15. Nf3 Na5 16. Rad1 Qc7 17. Ng5 Bxg5 18. fxg5 0-0-0 19. Rf6 Kb8 20. Rdf1 Rd7 21. Bb5 Bc6 22. dxc5 bxc5 23. Bxc5 Nb7 24. Bd4 Rh7 25. Bd3 Re7 26. Qe3 Be8 27. R6f4 Ka8 28. Bb6 Qc8 29. Rb4 h4 30. h3 Nd8 31. Rff4 Rh5 32. Rxa4+ Bxa4 33. Rxa4+ Kb8 34. Ba7+ Ka8 35. Bc5+ Kb8 36. Bd6+ Kb7 37. Qa7+ Kc6 38. Bb5+ Kxb5 39. Rb4+ Kc6 40. Rb6# 1-0

[Event "Cheliabinsk Variant Gp-A"]
[Site "Cheliabinsk"]
[Date "2021.03.27"]
[Round "5"]
[White "Vlassov, Nikolai"]
[Black "Lebzak, Yaroslav"]
[Result "1-0"]
[WhiteElo "2331"]
[BlackElo "2096"]
[PlyCount "69"]
[EventDate "2021.03.23"]
[EventType "swiss"]
[EventRounds "10"]
[EventCountry "RUS"]
[SourceTitle "CBM 202 Extra"]
[Source "ChessBase"]
[SourceDate "2021.07.31"]
[SourceVersion "1"]
[SourceVersionDate "2021.07.31"]
[SourceQuality "1"]

1. e4 e6 2. d3 c5 3. Nd2 Nc6 4. g3 g6 5. Bg2 Bg7 6. Ngf3 Nge7 7. h4 h6 8. c3 d6 9. Qc2 e5 10. a3 Be6 11. b4 0-0 12. b5 Nb8 13. Nc4 a6 14. Rb1 axb5 15. Rxb5 Nbc6 16. h5 g5 17. Nxg5 hxg5 18. Bxg5 f6 19. Bc1 f5 20. exf5 Nxf5 21. Rxb7 d5 22. h6 Bf6 23. Ne3 Nd6 24. Rg7+ Bxg7 25. hxg7 Kxg7 26. Nxd5 Rh8 27. Rxh8 Qxh8 28. Nc7 Bh3 29. Bxc6 Rc8 30. Qe2 e4 31. Bf4 Nf7 32. Qxe4 Kf8 33. Nd5 Rxc6 34. Qe7+ Kg7 35. Be5+ 1-0

[Event "Cheliabinsk Variant Gp-A"]
[Site "Cheliabinsk"]
[Date "2021.03.25"]
[Round "3"]
[White "Botoyan, Smbat"]
[Black "Lebzak, Yaroslav"]
[Result "1/2-1/2"]
[WhiteElo "2224"]
[BlackElo "2096"]
[PlyCount "74"]
[EventDate "2021.03.23"]
[EventType "swiss"]
[EventRounds "10"]
[EventCountry "RUS"]
[SourceTitle "CBM 202 Extra"]
[Source "ChessBase"]
[SourceDate "2021.07.31"]
[SourceVersion "1"]
[SourceVersionDate "2021.07.31"]
[SourceQuality "1"]

1. Nf3 d5 2. c4 d4 3. g3 Nc6 4. Bg2 e5 5. d3 Bb4+ 6. Bd2 a5 7. 0-0 Nf6 8. Na3 0-0 9. Nb5 h6 10. e3 Bg4 11. exd4 exd4 12. Bf4 Rc8 13. h3 Bf5 14. a3 Bc5 15. Re1 Bh7 16. Ne5 Nxe5 17. Rxe5 Nd7 18. Bxb7 Nxe5 19. Bxe5 c6 20. Bxc8 Qxc8 21. b4 cxb5 22. bxc5 Qxc5 23. Qe2 bxc4 24. dxc4 d3 25. Qb2 f6 26. Bc3 Rc8 27. Rc1 Be4 28. Qb5 Qxc4 29. Qxc4+ Rxc4 30. Bd2 Ra4 31. Rc3 Kf7 32. f4 Ke6 33. Kf2 Kd6 34. g4 f5 35. g5 hxg5 36. fxg5 g6 37. h4 Bd5 1/2-1/2

[Event "Cheliabinsk Variant Gp-A"]
[Site "Cheliabinsk"]
[Date "2021.03.24"]
[Round "2"]
[White "Lebzak, Yaroslav"]
[Black "Grigorieva, Yulia"]
[Result "1/2-1/2"]
[WhiteElo "2096"]
[BlackElo "2273"]
[PlyCount "86"]
[EventDate "2021.03.23"]
[EventType "swiss"]
[EventRounds "10"]
[EventCountry "RUS"]
[SourceTitle "CBM 202 Extra"]
[Source "ChessBase"]
[SourceDate "2021.07.31"]
[SourceVersion "1"]
[SourceVersionDate "2021.07.31"]
[SourceQuality "1"]

1. e4 e5 2. Nf3 Nc6 3. Bc4 Nf6 4. Ng5 d5 5. exd5 Na5 6. Bb5+ c6 7. dxc6 bxc6 8. Bd3 Nd5 9. Nf3 Bd6 10. 0-0 Nf4 11. Re1 Nxd3 12. cxd3 0-0 13. Nc3 Re8 14. b3 c5 15. Ba3 Nc6 16. Ne4 Bg4 17. h3 Bh5 18. g4 Bg6 19. Rc1 f5 20. Nxd6 Qxd6 21. Nh4 Qxd3 22. Rc3 Qd7 23. Nxg6 hxg6 24. Bxc5 Rad8 25. Qe2 e4 26. Qc4+ Kh8 27. d4 Nxd4 28. Bxd4 Qxd4 29. Qxd4 Rxd4 30. Rec1 Rd2 31. Rc8 Rxc8 32. Rxc8+ Kh7 33. Rc5 Rxa2 34. gxf5 Rb2 35. fxg6+ Kxg6 36. Rb5 Kf6 37. h4 g6 38. h5 gxh5 39. Rxh5 Rxb3 40. Ra5 Rb7 41. Kf1 Ke6 42. Ke2 Kd6 43. Ke3 Re7 1/2-1/2

[Event "Cheliabinsk Lozovatsky Memorial-A"]
[Site "Cheliabinsk"]
[Date "2021.01.20"]
[Round "7"]
[White "Doluhanova, Evgeniya"]
[Black "Lebzak, Yaroslav"]
[Result "0-1"]
[WhiteElo "2192"]
[BlackElo "2011"]
[PlyCount "166"]
[EventDate "2021.01.15"]
[EventType "swiss"]
[EventRounds "10"]
[EventCountry "RUS"]
[SourceTitle "CBM 200 Extra"]
[Source "ChessBase"]
[SourceDate "2021.03.31"]
[SourceVersion "1"]
[SourceVersionDate "2021.03.31"]
[SourceQuality "1"]

1. e4 c5 2. Nf3 e6 3. c4 Nc6 4. d4 cxd4 5. Nxd4 Nxd4 6. Qxd4 Ne7 7. Be2 Nc6 8. Qe3 b6 9. 0-0 Bc5 10. Qg3 Qf6 11. Nc3 Qg6 12. Bf4 Qxg3 13. Bxg3 0-0 14. Rfd1 e5 15. Rab1 d6 16. Bh4 f6 17. Nd5 Rf7 18. b4 Bd4 19. Ne3 a5 20. b5 Nd8 21. Nc2 Bc5 22. Kf1 Be6 23. f3 f5 24. Bf2 Bxf2 25. Kxf2 Nb7 26. exf5 Bxf5 27. Rb2 Rc8 28. Ne3 Be6 29. Rbd2 Rd8 30. Bd3 Kf8 31. Bxh7 Ke7 32. Be4 Nc5 33. Bd5 Rff8 34. Bxe6 Kxe6 35. Ke2 Rf7 36. Nd5 Rb7 37. Nc3 Rc7 38. Rc1 Rh8 39. h3 Rd8 40. Ke3 Rdc8 41. Nd5 Rb7 42. f4 Nd7 43. g4 Rh8 44. Rh1 g6 45. Ke4 Nc5+ 46. Kf3 Rf7 47. Ke3 exf4+ 48. Nxf4+ Kd7 49. Rd4 Re8+ 50. Kd2 Ne4+ 51. Rxe4 Rxe4 52. Nd5 Ke6 53. Nxb6 Rf2+ 54. Kd3 Ke5 55. a4 Rf3+ 56. Kd2 Rf2+ 57. Kd3 Rf3+ 58. Kd2 Kd4 59. Rd1 Rf2+ 60. Kc1+ Kc3 61. Nd5+ Kxc4 62. b6 Ree2 63. h4 Rc2+ 64. Kb1 Rb2+ 65. Ka1 Ra2+ 66. Kb1 Rfb2+ 67. Kc1 Rc2+ 68. Kb1 Rcb2+ 69. Kc1 Rb3 70. b7 Ra1+ 71. Kc2 Ra2+ 72. Kc1 Ra1+ 73. Kc2 Rxd1 74. Ne3+ Kc5 75. Kxd1 Rxb7 76. Ke2 Rh7 77. Ng2 Kd4 78. Kf3 Rf7+ 79. Kg3 Ke4 80. g5 d5 81. h5 gxh5 82. Kh4 Rf2 83. Kg3 Rxg2+ 0-1

[Event "Cheliabinsk Lozovatsky Memorial-A"]
[Site "Cheliabinsk"]
[Date "2021.01.17"]
[Round "3"]
[White "Lebzak, Yaroslav"]
[Black "Kholopov, Alexander A"]
[Result "0-1"]
[WhiteElo "2011"]
[BlackElo "2302"]
[PlyCount "112"]
[EventDate "2021.01.15"]
[EventType "swiss"]
[EventRounds "10"]
[EventCountry "RUS"]
[SourceTitle "CBM 200 Extra"]
[Source "ChessBase"]
[SourceDate "2021.03.31"]
[SourceVersion "1"]
[SourceVersionDate "2021.03.31"]
[SourceQuality "1"]

1. e4 e6 2. d4 d5 3. Nc3 Bb4 4. e5 b6 5. Qg4 Bf8 6. Nf3 Ne7 7. Bd3 Ba6 8. Bxa6 Nxa6 9. a3 Nf5 10. 0-0 c5 11. dxc5 Nxc5 12. Rd1 g6 13. Bg5 Be7 14. Bxe7 Qxe7 15. Nb5 0-0 16. Nbd4 Nxd4 17. Nxd4 Rac8 18. Re1 Ne4 19. Rad1 h6 20. c3 a6 21. Rd3 Kg7 22. Rh3 Qg5 23. Qe2 Qd2 24. Rd3 Qxe2 25. Rxe2 b5 26. Nb3 Nc5 27. Nxc5 Rxc5 28. Rd4 Rfc8 29. Kf1 Rc4 30. Red2 g5 31. Ke2 Kg6 32. Kd3 Kf5 33. Re2 Rxd4+ 34. cxd4 a5 35. f3 Rc1 36. Ke3 h5 37. Rf2 Rc4 38. Re2 b4 39. axb4 Rxb4 40. Rc2 Rb3+ 41. Ke2 h4 42. Rc7 Rxb2+ 43. Ke3 Kg6 44. f4 Rxg2 45. f5+ Kxf5 46. Rxf7+ Kg4 47. Rf6 Rxh2 48. Rxe6 Kg3 49. Rf6 Rh1 50. Ke2 Rb1 51. e6 Rb8 52. Rf5 g4 53. Rxd5 Re8 54. Re5 h3 55. d5 h2 56. Rh5 Kg2 0-1

[Event "Cheliabinsk Lozovatsky Memorial-A"]
[Site "Cheliabinsk"]
[Date "2021.01.17"]
[Round "4"]
[White "Prudnikova, Svetlana"]
[Black "Lebzak, Yaroslav"]
[Result "1-0"]
[WhiteElo "2173"]
[BlackElo "2011"]
[PlyCount "67"]
[EventDate "2021.01.15"]
[EventType "swiss"]
[EventRounds "10"]
[EventCountry "RUS"]
[SourceTitle "CBM 200 Extra"]
[Source "ChessBase"]
[SourceDate "2021.03.31"]
[SourceVersion "1"]
[SourceVersionDate "2021.03.31"]
[SourceQuality "1"]

1. d4 d5 2. c4 e6 3. Nc3 Nf6 4. cxd5 exd5 5. Bg5 c6 6. e3 Be7 7. Bd3 Nbd7 8. Qc2 0-0 9. Nge2 Re8 10. 0-0 Nf8 11. f3 g6 12. Kh1 Ne6 13. Bh4 a5 14. a4 Ng7 15. Bf2 Bd6 16. Bg1 c5 17. Bb5 Bf5 18. Qd2 Re7 19. dxc5 Bxc5 20. Nd4 Qb6 21. Rae1 Rd8 22. Nb3 Bc8 23. Nxc5 Qxc5 24. e4 d4 25. Ne2 Ne6 26. Rc1 Qe5 27. Nxd4 Nf4 28. Be3 N6h5 29. Rfd1 f5 30. Qxa5 Qd6 31. Bc4+ Kh8 32. Rd2 fxe4 33. Nf5 gxf5 34. Qxd8+ 1-0

[Event "Urals-ch 78th"]
[Site "Cheliabinsk"]
[Date "2020.09.27"]
[Round "1"]
[White "Lebzak, Yaroslav"]
[Black "Belyakov, Bogdan"]
[Result "1/2-1/2"]
[WhiteElo "1936"]
[BlackElo "2481"]
[PlyCount "80"]
[EventDate "2020.09.27"]
[EventType "swiss"]
[EventRounds "9"]
[EventCountry "RUS"]
[SourceTitle "CBM 198 Extra"]
[Source "ChessBase"]
[SourceDate "2020.11.30"]
[SourceVersion "1"]
[SourceVersionDate "2020.11.30"]
[SourceQuality "1"]

1. e4 Nc6 2. Nf3 d6 3. d4 Nf6 4. Nc3 g6 5. Be3 Bg7 6. h3 a6 7. a4 0-0 8. Bd3 Nb4 9. Ne2 Nxd3+ 10. Qxd3 Nd7 11. 0-0 e5 12. Rfd1 exd4 13. Bxd4 f6 14. Nf4 Ne5 15. Bxe5 fxe5 16. Qb3+ Kh8 17. Ne6 Bxe6 18. Qxe6 a5 19. Rd3 b6 20. Rad1 Re8 21. Qc4 Bh6 22. Nd2 Bxd2 23. R1xd2 Rf8 24. Qe6 Qh4 25. Qg4 Qe7 26. Rc3 Rf4 27. Qe2 Raf8 28. f3 R4f7 29. Rdd3 Qe6 30. Rd5 Rg7 31. Rc6 h5 32. Qc4 Rff7 33. Rxa5 Qf6 34. Ra8+ Kh7 35. Ra7 Qg5 36. Rcxc7 Qc1+ 37. Kh2 Qf4+ 38. Kg1 Qc1+ 39. Kh2 Qf4+ 40. Kg1 Qc1+ 1/2-1/2

[Event "Cheliabinsk Panchenko Memorial op-A"]
[Site "Cheliabinsk"]
[Date "2020.09.13"]
[Round "7"]
[White "Lebzak, Yaroslav"]
[Black "Gusarov, Aleksey"]
[Result "1-0"]
[WhiteElo "1936"]
[BlackElo "2253"]
[PlyCount "71"]
[EventDate "2020.09.07"]
[EventType "swiss"]
[EventRounds "9"]
[EventCountry "RUS"]
[SourceTitle "CBM 198 Extra"]
[Source "ChessBase"]
[SourceDate "2020.11.30"]
[SourceVersion "1"]
[SourceVersionDate "2020.11.30"]
[SourceQuality "1"]

1. e4 c5 2. Nf3 Nc6 3. d4 cxd4 4. Nxd4 Nf6 5. Nc3 e5 6. Ndb5 d6 7. Bg5 a6 8. Na3 b5 9. Nd5 Be7 10. Bxf6 Bxf6 11. c4 b4 12. Nc2 a5 13. g3 Bg5 14. h4 Bh6 15. Bh3 0-0 16. Bxc8 Rxc8 17. Kf1 Ne7 18. Nxe7+ Qxe7 19. Qd3 Qb7 20. b3 f5 21. Qd5+ Qxd5 22. exd5 Bd2 23. a4 bxa3 24. Ke2 Bb4 25. Nxa3 f4 26. Nb5 f3+ 27. Kd3 e4+ 28. Ke3 Rb8 29. Rhb1 Rfe8 30. Nd4 Bc5 31. Rxa5 Kf7 32. Rxc5 dxc5 33. Ne6 Rb4 34. Nxc5 Kf6 35. Rd1 Rc8 36. Nxe4+ 1-0

[Event "Cheliabinsk Panchenko Memorial op"]
[Site "Cheliabinsk"]
[Date "2019.09.09"]
[Round "1"]
[White "Lebzak, Yaroslav"]
[Black "Tologontegin, Semetey"]
[Result "1/2-1/2"]
[WhiteElo "1817"]
[BlackElo "2369"]
[PlyCount "86"]
[EventDate "2019.09.09"]
[EventType "swiss"]
[EventRounds "9"]
[EventCountry "RUS"]
[SourceTitle "EXT 2020"]
[Source "ChessBase"]
[SourceDate "2019.10.17"]
[SourceVersion "1"]
[SourceVersionDate "2019.10.17"]
[SourceQuality "1"]

1. e4 e6 2. d4 b6 3. Nf3 Bb7 4. Bd3 Nf6 5. Qe2 d5 6. e5 Nfd7 7. 0-0 Be7 8. Nbd2 c5 9. c3 Qc8 10. Re1 Ba6 11. Nf1 Bxd3 12. Qxd3 Qa6 13. Qd1 h6 14. Ng3 Nc6 15. Be3 cxd4 16. cxd4 0-0 17. Nd2 Rfc8 18. Qg4 Qd3 19. Bxh6 Qg6 20. Qxg6 fxg6 21. Be3 Nb4 22. Red1 Nd3 23. b3 Ba3 24. h4 Nb4 25. Nf3 Nc2 26. Rab1 Nxe3 27. fxe3 Rc2 28. e4 dxe4 29. Nxe4 Rxa2 30. Ra1 Rxa1 31. Rxa1 Be7 32. Rc1 Bd8 33. Nfg5 Nf8 34. Rc6 a5 35. Nxe6 Nxe6 36. Rxe6 Kf7 37. Rc6 a4 38. bxa4 Rxa4 39. Ng5+ Bxg5 40. hxg5 Rxd4 41. Rxb6 Re4 42. Rb7+ Ke6 43. Rxg7 Kf5 1/2-1/2